<?xml version="1.0" encoding="UTF-8"?>
<record
    xmlns:xsi="http://www.w3.org/2001/XMLSchema-instance"
    xsi:schemaLocation="http://www.loc.gov/MARC21/slim http://www.loc.gov/standards/marcxml/schema/MARC21slim.xsd"
    xmlns="http://www.loc.gov/MARC21/slim">

  <leader>00758nam a22002297a 4500</leader>
  <controlfield tag="003">UA-OsUOA</controlfield>
  <controlfield tag="001"> 67752 </controlfield>
  <controlfield tag="007">ta</controlfield>
  <controlfield tag="008">20100310b un ||||| |||| 00| 0 ukr d</controlfield>
  <datafield tag="090" ind1=" " ind2=" ">
    <subfield code="a">343.13</subfield>
    <subfield code="b">&#x414;50</subfield>
  </datafield>
  <datafield tag="942" ind1=" " ind2=" ">
    <subfield code="c">BK</subfield>
  </datafield>
  <datafield tag="040" ind1=" " ind2=" ">
    <subfield code="a">UA-OsUOA</subfield>
    <subfield code="b">rus</subfield>
    <subfield code="c">UA-OsUOA</subfield>
    <subfield code="d">UA-OsUOA</subfield>
  </datafield>
  <datafield tag="245" ind1=" " ind2=" ">
    <subfield code="a">&#x414;&#x438;&#x444;&#x444;&#x435;&#x440;&#x435;&#x43D;&#x446;&#x438;&#x430;&#x446;&#x438;&#x44F; &#x43E;&#x442;&#x432;&#x435;&#x442;&#x441;&#x442;&#x432;&#x435;&#x43D;&#x43D;&#x43E;&#x441;&#x442;&#x438; &#x438; &#x432;&#x43E;&#x43F;&#x440;&#x43E;&#x441;&#x44B; &#x44E;&#x440;&#x438;&#x434;&#x438;&#x447;&#x435;&#x441;&#x43A;&#x43E;&#x439; &#x442;&#x435;&#x445;&#x43D;&#x438;&#x43A;&#x438; &#x432; &#x443;&#x433;&#x43E;&#x43B;&#x43E;&#x432;&#x43D;&#x43E;&#x43C; &#x43F;&#x440;&#x430;&#x432;&#x435; &#x438; &#x43F;&#x440;&#x43E;&#x446;&#x435;&#x441;&#x435;</subfield>
    <subfield code="b">&#x421;&#x431;&#x43E;&#x440;&#x43D;&#x438;&#x43A; &#x43D;&#x430;&#x443;&#x447;&#x43D;&#x44B;&#x445; &#x441;&#x442;&#x430;&#x442;&#x435;&#x439;</subfield>
  </datafield>
  <datafield tag="300" ind1=" " ind2=" ">
    <subfield code="a">140 &#x441;.</subfield>
  </datafield>
  <datafield tag="955" ind1=" " ind2=" ">
    <subfield code="a">2</subfield>
  </datafield>
  <datafield tag="041" ind1=" " ind2=" ">
    <subfield code="a">rus</subfield>
  </datafield>
  <datafield tag="080" ind1=" " ind2=" ">
    <subfield code="a">343.13</subfield>
  </datafield>
  <datafield tag="020" ind1=" " ind2=" ">
    <subfield code="a">5-8397-0128-9</subfield>
  </datafield>
  <datafield tag="260" ind1=" " ind2=" ">
    <subfield code="a">&#x42F;&#x440;&#x43E;&#x441;&#x43B;&#x430;&#x432;&#x43B;&#x44C;</subfield>
    <subfield code="c">2001</subfield>
  </datafield>
  <datafield tag="650" ind1=" " ind2="7">
    <subfield code="a">343 &#x41A;&#x440;&#x438;&#x43C;&#x456;&#x43D;&#x430;&#x43B;&#x44C;&#x43D;&#x435; &#x43F;&#x440;&#x430;&#x432;&#x43E;. &#x41A;&#x430;&#x440;&#x43D;&#x456; &#x43F;&#x43E;&#x440;&#x443;&#x448;&#x435;&#x43D;&#x43D;&#x44F;</subfield>
    <subfield code="2">UDC</subfield>
  </datafield>
  <datafield tag="999" ind1=" " ind2=" ">
    <subfield code="c">353875</subfield>
    <subfield code="d">353875</subfield>
  </datafield>
  <datafield tag="952" ind1=" " ind2=" ">
    <subfield code="0">0</subfield>
    <subfield code="1">0</subfield>
    <subfield code="2">udc</subfield>
    <subfield code="4">0</subfield>
    <subfield code="7">0</subfield>
    <subfield code="8">C_BAULIN</subfield>
    <subfield code="a">102</subfield>
    <subfield code="b">102</subfield>
    <subfield code="d">2010-03-10</subfield>
    <subfield code="e">18/2010</subfield>
    <subfield code="g">13.00</subfield>
    <subfield code="i">126926</subfield>
    <subfield code="o">343.13 &#x414;50</subfield>
    <subfield code="p">126926</subfield>
    <subfield code="r">2022-02-06 00:00:00</subfield>
    <subfield code="w">2010-03-10</subfield>
    <subfield code="y">BK</subfield>
    <subfield code="z">&#x437; &#x430;&#x432;&#x442;&#x43E;&#x433;&#x440;&#x430;&#x444;&#x43E;&#x43C; </subfield>
  </datafield>
</record>
